00561nam a2200157 a 450000100100000000500170001000800410002704000250006808200150009311000270010824000190013524501070015426000710026130000210033270000500035300003825720240704114906.0091125s2004 dr 000 0 spa d aDO-SdBNPbspacBNPHU axxxbR426e1 aRepública Dominicana13a[ Leyes, etc.]10aEstatuto del ministerio público ley 78 - 03 /cPresentación Víctor Manuel Céspedes Martínez. aSanto Domingo :bEscuela Nacional del Ministerio Público,c2004. a101 p. ;c23 cm.1 aFernández Rodríguez, Aura Celeste,d1959-